Strategic planning : what every manager must know /

Saved in:
书目详细资料
主要作者: Steiner, George Albert
格式: 图书
出版: New York : Free Press, c1979.
主题:
在线阅读:http://www.loc.gov/catdir/bios/simon054/78020647.html
http://www.loc.gov/catdir/samples/simon031/78020647.html
http://www.loc.gov/catdir/description/simon033/78020647.html
http://www.loc.gov/catdir/enhancements/fy0705/78020647-t.html
标签: 添加标签
没有标签, 成为第一个标记此记录!

MARC

LEADER 00000cam a2200000 i 4500
020 |a 0029311101  
040 |a MUL  |b eng.  |e AACR 
082 0 0 |a 658.401 STE 
100 1 |a Steiner, George Albert 
245 1 0 |a Strategic planning :  |b what every manager must know /  |c George A. Steiner. 
260 |a New York :  |b Free Press,  |c c1979. 
300 |a ix, 383 p. :  |b ill. ;  |c 24 cm. 
504 |a Includes bibliographical references and index. 
546 |a eng. 
650 0 |a Strategic planning. 
856 4 2 |u http://www.loc.gov/catdir/bios/simon054/78020647.html 
856 4 1 |u http://www.loc.gov/catdir/samples/simon031/78020647.html 
856 4 2 |u http://www.loc.gov/catdir/description/simon033/78020647.html 
856 4 1 |u http://www.loc.gov/catdir/enhancements/fy0705/78020647-t.html 
942 |c BK 
999 |c 5213  |d 5213